00628nam a2200229 a 450000100060000000300080000600500170001400800450003103500190007604000270009504100080012208200240013010000170015424500670017125000120023826000310025030000310028150000200031265000160033265000170034870000330036515373BD-RjUL20211208235813.0170118s1964 enk xx 1 00eng dng d a(BD-RjUL)15427 aUKMcUKMdBD-RjULbeng aeng a657.2223bHOA 19641 aHorrocks, J.10aApproach to book-keeping /cby J. Horrocks and J. B. Stevenson a2nd ed. aLondon :bLongmans,c1964. avii, 282, [1] p. :c23 cm. aIncludes index. aAccounting. aBookkeeping.1 aStevenson, J. B. , jt. auth.